000 02447nam a2200373 i 4500
001 768714001
003 CO-MdFUSB
005 20260326112631.0
007 ta
008 241104t2015 ck d|||| |||| 001 0 spa d
020 _a978-958-58812-7-3
040 _bspa.
_aCO-MdFUSB
_cCO-MdFUSB
_dCO-MdFUSBC
_erda
041 _aspa
_heng
082 _223
_a230.42
_bW729
100 _aWilliamson, G.I.,
_eautor
240 _aThe Westminster confession of faith for study clases.
245 1 3 _aLa confesión de fe de Westminster :
_bpara clases de estudio
_c/ G.I. Williamson ; traducido por Deborah J. Adams de Ardiles
264 1 _aMedellín, Colombia :
_bPoiema,
_c[2015]
264 4 _c©2015
300 _a430 páginas
_c; 23 cm
336 _2rdacontent
_atexto
_btxt
337 _2rdamedia
_asin mediación
_bn
338 _2rdacarrier
_avolumen
_bnc
500 _aIncluye índice
505 _aDe las Sagradas Escrituras (I). -- De Dios y la Santa Trinidad (II). -- Del decreto eterno de Dios (III). -- De la creación (IV). -- De la providencia (V). -- De la caída del hombre, del pecado y de su merecido castigo (VI). -- Del pacto de Dios con el hombre (VII). -- De Cristo el Mediador (VIII). -- Del libre albedrío (IX). -- Del llamamiento eficaz (X). -- De la fe salvadora (XIV) y del arrepentimiento para vida eterna (XV). -- De la justificación (XI). -- De la adopción (XII). -- De la santificación (XIII). -- De las buenas obras (XVI). -- De la perseverancia de los santos (XVII). -- De la seguridad de la gracia y la salvación (XVIII). -- De la ley de Dios (XIX). -- De la libertad cristiana y la libertad de conciencia (XX). -- De la adoración religiosa y el día de reposo (XXI). -- De los juramentos y votos lícitos (XXII). -- Del matrimonio y el divorcio (XXIV). -- De la iglesia (XXV). -- De la comunión de los santos (XXVI). -- De los sacramentos (XXVII). -- Del bautismo (XXVIII). -- De la Cena del Señor (XXIX). -- De las censuras eclesiásticas (XXX). -- Del magistrado civil (XXIII). -- De los sínodos y concilios (XXXI). -- Del estado del hombre después de la muerte y de la resurrección de los muertos (XXXII). -- Del juicio final (XXXIII).
563 _aRústico
650 0 _aBiblia
_916
650 7 _aCristianismo
_922
653 _aConfesión de fe
653 _aWestminster
700 _aAdams de Ardiles, Deborah J.,
_911045
_etraductor
942 _cBK
945 _aCatherine Arias Alvarez
999 _c71159
_d71159